000 00436nam a22001457a 4500
999 _c524192
_d524192
020 _a0-19-827998-1
040 _cNUST
082 _a327.101
_bMAN
100 _aMandela, Nelson
_99193
245 _aOur global neighborhood :
_bThe report of the commission on global governance /
_cNelson Mandela.
260 _aNew York :
_bOxford university press,
_c1995.
300 _aill, 410 p. ;
_c16 cm.
500 _aPaperback
942 _2ddc
_cBK